000 00463nam a2200181Ia 4500
001 450
005 20260306140518.0
008 260306t2006||||xx |||||||||||||| ||spa||
041 _aESP
082 _a121
_bA59
100 _aAndereggen, Ignacio Eugenio María
_eAUT
245 0 _aTeoría del conocimiento moral :
_blecciones de gnoseología
260 _c2006
300 _a354 páginas :
_c23 cm.
650 _aGEN
654 _aCHU
942 _cLIB
_dJUS
_fJUS
_2ddc
_n
999 _c450
_d450